000 00363nam a2200145Ia 4500
008 230917s9999||||xx |||||||||||||| ||und||
040 _e43420
_aMAIN
041 _aEnglish
082 _a821.6 W841P
100 _aOwen, W J B, ed.
245 0 _aProse works of William Wordsworth, V2
260 _aOxford
_bClarendon
_c1974
300 _avi, 465 p.
942 _cBK
999 _c148823
_d148823